Meera / (Record no. 46395)

MARC details
000 -LEADER
fixed length control field 01073njm a22002657a 4500
005 - DATE AND TIME OF LATEST TRANSACTION
control field 20100917103258.0
007 - PHYSICAL DESCRIPTION FIXED FIELD--GENERAL INFORMATION
fixed length control field sd ammalaaahaa
008 - FIXED-LENGTH DATA ELEMENTS--GENERAL INFORMATION
fixed length control field 100917t xxu||||| |||| 00| 0 hin d
028 ## - PUBLISHER NUMBER
Publisher number N. 14406
Source His Master's Voice
035 ## - SYSTEM CONTROL NUMBER
System control number GR-00030
040 ## - CATALOGING SOURCE
Original cataloging agency SED/VEN
100 ## - MAIN ENTRY--PERSONAL NAME
Personal name M. S. Subbulakshmi
9 (RLIN) 20433
245 ## - TITLE STATEMENT
Title Meera /
Statement of responsibility, etc by M. S. Subbulakshmi
Medium [sound recording] :
246 ## - VARYING FORM OF TITLE
Title proper/short title मीरा (एम.एस. सुब्बुलक्ष्मी)
260 ## - PUBLICATION, DISTRIBUTION, ETC. (IMPRINT)
Place of publication, distribution, etc Dum Dum, India
Name of publisher, distributor, etc His Master's Voice
Date of publication, distribution, etc n. d.
300 ## - PHYSICAL DESCRIPTION
Extent 1 sound disc [Gramophone record] :
Other physical details analog, 33 1/3 rpm
Dimensions 10 in. (LP)
Type of unit Gramophone record
500 ## - GENERAL NOTE
General note Brief records.
500 ## - GENERAL NOTE
General note His Master's Voice
500 ## - GENERAL NOTE
General note Merjenta
505 ## - FORMATTED CONTENTS NOTE
Formatted contents note Part 1 Morae tho giridhara (Meera) (M. S. Subbulakshmi) मोरे तो गिरिधर , Part 2 Chakara rakho (Meera) चाकर राखो
650 ## - SUBJECT ADDED ENTRY--TOPICAL TERM
Topical term or geographic name as entry element Classical Music
Form subdivision Bhajan
General subdivision Excerpts
Geographic subdivision India
9 (RLIN) 20434
700 ## - ADDED ENTRY--PERSONAL NAME
9 (RLIN) 20435
942 ## - ADDED ENTRY ELEMENTS (KOHA)
Source of classification or shelving scheme Dewey Decimal Classification
Item type Gramaphone Records
Holdings
Withdrawn status Lost status Source of classification or shelving scheme Damaged status Not for loan Home library Current library Date acquired Source of acquisition Total Checkouts Barcode Date last seen Copy number Price effective from Koha item type
    Dewey Decimal Classification   Not For Loan Central Library Central Library 17/09/2010 SED/VEN   GR-00030 17/09/2010 1 17/09/2010 Gramaphone Records

© Delhi Public Library
Hit Counter
free hit counter